00964nam a22002177a 4500003000200000005001700002008004100019050002700060100003600087245008900123260007200212300003700284504004100321650006700362650005200429650005600481650004900537942001400586999001900600952012700619020250113161200.0241108b xxu||||| |||| 00| 0 eng d aPHS BL 1285b.Z22 2024 aZalameda, Regina Sara,eauthor. aThe enduring power of funerary traditions of the Cordillera /cRegina Sara Zalameda. aLas Piñas :bSouthville International School and Colleges,c2024. aiv, 88 p. :bcol. ill. ;c30 cm. aIncludes bibliographical references. aFuneral rites and ceremoniesvPhilippineszCordillera (Region) aDeath customsvPhilippineszCordillera (Region) aCultural heritagevPhilippineszCordillera (Region) aPhilippine Indigenous peoplesvFuneral rites 2lcccPASS c366665d366665 00102lcc40aLUXbLUXcPASSd2024-06-07eDONATIONl0oPHS BL 1285 .Z22 2024pP3600r2024-11-08 00:00:00w2024-11-08yPASS